<?xml version="1.0" encoding="UTF-8"?><?xml-stylesheet type="text/xsl" href="static/style.xsl"?><OAI-PMH xmlns="http://www.openarchives.org/OAI/2.0/" xmlns:xsi="http://www.w3.org/2001/XMLSchema-instance" xsi:schemaLocation="http://www.openarchives.org/OAI/2.0/ http://www.openarchives.org/OAI/2.0/OAI-PMH.xsd"><responseDate>2026-04-14T04:34:15Z</responseDate><request verb="GetRecord" identifier="oai:www.recercat.cat:20.500.12694/7039" metadataPrefix="marc">https://recercat.cat/oai/request</request><GetRecord><record><header><identifier>oai:recercat.cat:20.500.12694/7039</identifier><datestamp>2025-12-18T12:09:26Z</datestamp><setSpec>com_2072_179042</setSpec><setSpec>col_2072_484474</setSpec></header><metadata><record xmlns="http://www.loc.gov/MARC21/slim" xmlns:dcterms="http://purl.org/dc/terms/" xmlns:xsi="http://www.w3.org/2001/XMLSchema-instance" xmlns:doc="http://www.lyncode.com/xoai" xsi:schemaLocation="http://www.loc.gov/MARC21/slim http://www.loc.gov/standards/marcxml/schema/MARC21slim.xsd">
   <leader>00925njm 22002777a 4500</leader>
   <datafield ind2=" " ind1=" " tag="042">
      <subfield code="a">dc</subfield>
   </datafield>
   <datafield ind2=" " ind1=" " tag="720">
      <subfield code="a">Conejo González, Maria Victòria</subfield>
      <subfield code="e">author</subfield>
   </datafield>
   <datafield ind2=" " ind1=" " tag="260">
      <subfield code="c">2019-06</subfield>
   </datafield>
   <datafield ind2=" " ind1=" " tag="520">
      <subfield code="a">William Sterndale Bennett (1816–1875) fou un músic, compositor, director d’orquestra, pianista i pedagog anglès de la primera meitat del segle XIX. Aquest Treball de Fi de Grau pretén oferir una aproximació a aquest compositor desconegut per a Europa. La intenció és donar visibilitat tant a la seva figura com al seu pensament musical, mitjançant un estudi profund de les conferències que ell mateix va deixar escrites en vida, així com de la seva oblidada obra. Aquest estudi també ha permès fer petites incursions en la recerca sobre els seus contemporanis i els gustos musicals del públic de l’Anglaterra victoriana de l’època.</subfield>
   </datafield>
   <datafield ind2=" " ind1=" " tag="520">
      <subfield code="a">William Sterndale Bennett (1816–1875) fue un músico, compositor, director de orquesta, pianista y pedagogo inglés de la primera mitad del siglo XIX. Este Trabajo de Fin de Grado pretende ofrecer una aproximación a este compositor desconocido para Europa. La intención es dotar de visibilidad tanto a su figura como a su pensamiento musical, a través de un estudio profundo de las conferencias que él mismo dejó escritas, así como de su obra ignorada. Este estudio también ha permitido realizar pequeñas incursiones en la investigación sobre los músicos contemporáneos de Bennett y los gustos musicales del público en la Inglaterra victoriana de la época.</subfield>
   </datafield>
   <datafield ind2=" " ind1=" " tag="520">
      <subfield code="a">William Sterndale Bennett (1816–1875) was an English musician, composer, conductor, pianist, and pedagogue of the first half of the 19th century. This Final Degree Project aims to provide an introduction to this little-known composer in Europe. Its purpose is to give visibility to both his figure and his musical thought through a thorough study of the lectures he personally left in writing, as well as his neglected works. This study has also allowed for small investigations into Bennett’s contemporaries and the musical tastes of the Victorian audience.</subfield>
   </datafield>
   <datafield ind1="8" ind2=" " tag="024">
      <subfield code="a">http://hdl.handle.net/20.500.12694/7039</subfield>
   </datafield>
   <datafield tag="653" ind2=" " ind1=" ">
      <subfield code="a">TFG Música clàssica i contemporània</subfield>
   </datafield>
   <datafield tag="653" ind2=" " ind1=" ">
      <subfield code="a">Bennett, William Sterndale, 1816-1875--Crítica i interpretació</subfield>
   </datafield>
   <datafield tag="653" ind2=" " ind1=" ">
      <subfield code="a">Música--Anglaterra--S. XIX</subfield>
   </datafield>
   <datafield tag="653" ind2=" " ind1=" ">
      <subfield code="a">Conferències</subfield>
   </datafield>
   <datafield ind2="0" ind1="0" tag="245">
      <subfield code="a">L'oblit de William Sterndale Bennett</subfield>
   </datafield>
</record></metadata></record></GetRecord></OAI-PMH>